00740nam a22001817a 4500999001900000005001700019010001500036020002700051035001400078037001300092082001900105245009400124260004500218270009400263300002600357942003300383952014200416 c188691d18869120220601160050.0 aENG-132920 a9788124605424c1100.00 aEN-116452 bDBAD/PUB a704.9489430952 aBuddhist Jconography in the Butszozui of Hidenobu/cTranslated and Edited by Anita Khanna aNew DelhibD.K. Printworld (P) Ltdc2010 bNew DelhiaF-52, Bali Nagar, Ramesh Nagar Metro Statione110015minology@dkprintworld.com axiv, 825p.c29cm(hbk) 2ddccENh704.9489430952mBUD 001040718FICaAVbAVd2024-01-15eDBAD/PUBg1100.00l0o704.9489430952 BUDpEN-116452r2022-06-01 00:00:00t1v1100.00w2022-06-01yEN